Manual de terapéutica clínica / (Record no. 132726)

MARC details
000 -LEADER
campo de control de longitud fija 00566nam a2200169 4500
001 - NÚMERO DE CONTROL
campo de control 132726
003 - IDENTIFICADOR DE NÚMERO DE CONTROL
campo de control ES-MaACL
005 - FECHA Y HORA DE LA ÚLTIMA TRANSACCIÓN
campo de control 20230906194233.0
007 - CAMPO FIJO DE DESCRIPCIÓN FÍSICA--INFORMACIÓN GENERAL
campo de control de longitud fija t|
008 - DATOS DE LONGITUD FIJA--INFORMACIÓN GENERAL
campo de control de longitud fija 070214n19401949cu r ||||1| spa d
100 1# - ENTRADA PRINCIPAL--NOMBRE DE PERSONA
Nombre de persona Ros, Arturo R.
9 (RLIN) 99568
245 10 - MENCIÓN DEL TÍTULO
Título Manual de terapéutica clínica /
Mención de responsabilidad, etc. por Arturo R. Ros ; con la colaboración especial de Aquilino Estrada Méndez.
260 ## - PUBLICACIÓN, DISTRIBUCIÓN, ETC.
Lugar de publicación, distribución, etc. La Habana :
Nombre del editor, distribuidor, etc. Ed. Cultural,
Fecha de publicación, distribución, etc. [194_?]
300 ## - DESCRIPCIÓN FÍSICA
Extensión XIV, 320 p., 8 lám. :
Otras características físicas il. ;
Dimensiones 24 cm.
700 1# - ENTRADA AGREGADA--NOMBRE PERSONAL
Nombre de persona Estrada Méndez, Aquilino.
9 (RLIN) 48223
852 ## - LOCALIZACIÓN
Ubicación ES-MaACL
Número de control de estantería E-1544
Sublocalización o colección R.28972
Holdings
Estatus retirado Estado de pérdida Estado de daño No para préstamo Biblioteca de origen Biblioteca actual Ubicación en estantería Fecha de adquisición Fuente de adquisición Total de préstamos Signatura topográfica completa Código de barras Visto por última vez Precio de reemplazo Tipo de ítem Koha
        Biblioteca del Ateneo de Madrid Biblioteca del Ateneo de Madrid Depósito 2 17/01/2008     E-1544 1138180 23/02/2023 23/02/2023 Libro impreso